000 00922nas a2200289 4500
001 BR0707115
003 BR-BrBNA
005 20231205111352.0
007 ta
008 230509b bl.|||p| |||| 00| 00por d
040 _aBR-BrBNA
_bpor
_cBiblioteca Nacional de Agricultura
041 _a(Pt)
072 _aL73
100 1 _aSilva, A.V. de
100 1 _aCortez, T.L.
100 1 _aCabral, K.G.
100 1 _aLangoni, H.
111 1 _a8. Jornada de Medicina Veterinária da UNIPAR
_cUmuarama, PR
_d01-04 Sep 2003
245 1 _aEpidemiologia da toxoplasmose em rebanhos bovinos do estado de São Paulo
650 _aBOVINO
650 _aEPIDEMIA
650 _aTOXOPLASMOSE
650 _aSÃO PAULO
773 0 _tArquivos de Ciências Veterinárias e Zoologia da UNIPAR (Brazil)
_xISSN 1415-8167
_g(Jul-Dec 2003), v. 6(2) p. 206
_wBR0707115
909 _a202311
_bLúcia
_c55
_dLúcia Elande
942 _2AGRIS
_n0
_cANA
999 _c192319
_d192319